000 00237nam a2200097Ia 4500
008 230508s2001 xx 000 0 und d
041 _aeng
100 _aSEDHA R.S.
245 _aA TEXT BOOK OF APPLIED ELECTRONIC
260 _bS.CHAND
_c2001
999 _c729064
_d729064